Meranie finančného zdravia firiem

Bibliographic Details
Main Author: Stolárik, Marek (Author)
Format: Article
Language:Slovak
PhysicalDescription:Tab. 5
ISSN:0862-9567
Subjects:

MARC

LEADER 00000nab a2200000 a 4500
001 vtls000581943
003 SK-MaSNL
005 20260303011041.0
008 140228c1996 xo 0 slo
015 |a SNBRB19rr/mm-uuuuu 
035 |a CL0582082 
040 |a SNKBUCL  |b slo  |c SNKBUCL  |e AACR2 
041 0 |a slo 
044 |a xo  |c SK 
080 |a 658.15:657.3  |2 1981 
080 |a 657.3  |2 1981 
080 |a 657.63  |2 1981 
100 1 |a Stolárik, Marek  |4 aut  |9 703687 
245 1 0 |a Meranie finančného zdravia firiem  |c Marek Stolárik 
300 |b Tab. 5 
650 0 7 |a podniky  |2 snkbucl  |9 923 
650 0 7 |a finančná analýza  |2 snkbucl  |9 3482 
655 7 |a články z novín a časopisov  |2 snkbucl  |9 267496 
773 0 |t Hospodárske noviny  |g Roč. 4, č. 57 (20. 3. 1996), s. 19  |x 0862-9567 
850 |a Slovenská národná knižnica v Martine  |a MTA001 
852 |a SNK  |b KIS3GCP 
958 |a RK 
992 |a RBX 
999 |c 1590213  |d 1592143